Διερεύνηση επεισοδίων ευρείας διασποράς ρύπανσης από πετρελαιοειδή στην Ανατολική Κρήτη, περιοχή Αθερινόλακκου : διπλωματική εργασία

Αποθηκεύτηκε σε:
Λεπτομέρειες βιβλιογραφικής εγγραφής
Κύριος συγγραφέας: Βαλσαμίδης, Μιχαήλ Άγγελος
Συγγραφή απο Οργανισμό/Αρχή: Πανεπιστήμιο Αιγαίου Σχολή Περιβάλλοντος Τμήμα Επιστημών της Θάλασσας Πρόγραμμα Μεταπτυχιακών Σπουδών Ολοκληρωμένη Διαχείριση Παράκτιων Περιοχών
Άλλοι συγγραφείς: Κρασακοπούλου, Ευαγγελία (dgsf)
Μορφή: Thesis Βιβλίο
Γλώσσα:Greek
Δημοσίευση: 2015.
Ετικέτες: Προσθήκη ετικέτας
Δεν υπάρχουν, Καταχωρήστε ετικέτα πρώτοι!

MARC

LEADER 00000cam a2200000 a 4500
001 1/120271
008 191104s2015####gr |||||||||||||| ||gre||
040 |a GR-MyUa  |b gre  |c GR-MyUa  |e AACR2 
041 0 |a gre 
082 7 |a 0000  |2 (23) 
100 1 |a Βαλσαμίδης, Μιχαήλ Άγγελος. 
245 1 0 |a Διερεύνηση επεισοδίων ευρείας διασποράς ρύπανσης από πετρελαιοειδή στην Ανατολική Κρήτη, περιοχή Αθερινόλακκου :   |b διπλωματική εργασία /   |c Βαλσαμίδης Μιχαήλ Άγγελος ; επιβλέποντες καθηγητές Ζερβάκης Βασίλειος, Κρασακοπούλου Ευαγγελία.  
260 |c 2015.  
300 |a 91 σ. :   |b χάρτες, πιν. ;   |c 29 εκ.  
502 |a Διατριβή (μεταπτυχιακή) - Πανεπιστήμιο Αιγαίου, Μυτιλήνη, 2015.  
504 |a Βιβλιογραφία: σ. 67-71.  
506 1 |a Ηλεκτρονική διάθεση στο πλήρες κείμενο - περιορισμένης πρόσβασης   |d Ελεύθερη διάθεση μόνο στα μέλη του Πανεπιστημίου Αιγαίου.  
700 1 |a Ζερβάκης, Βασίλης,  |e dgs 
700 1 |a Κρασακοπούλου, Ευαγγελία,  |e dgsf 
710 2 |a Πανεπιστήμιο Αιγαίου  |b Σχολή Περιβάλλοντος  |b Τμήμα Επιστημών της Θάλασσας  |b Πρόγραμμα Μεταπτυχιακών Σπουδών Ολοκληρωμένη Διαχείριση Παράκτιων Περιοχών. 
852 |a INST  |b LESVOS  |c DIATR  |e 20191104  |h 292  |p 005100063005  |q 005100063005  |t MTXE  |y 23 
920 |a Βαλσαμίδης  |b Μιχαήλ-Άγγελος  |y Λέσβος  |z 2017-01 
970 |a Καμάτσου  |b Δέσποινα  |z 04-11-2019